[Event "Pan American-ch Seniors 50"]
[Site "St Croix"]
[Date "2018.12.09"]
[Round "3"]
[White "Schoonmaker, Nicholas"]
[Black "Pitre, Hanniegn G"]
[Result "1-0"]
[WhiteElo "2047"]
[BlackElo "1919"]
[PlyCount "69"]
[EventDate "2018.12.08"]
[EventType "swiss"]
[EventRounds "9"]
[EventCountry "ISV"]
[SourceTitle "CBM 188 Extra"]
[Source "ChessBase"]
[SourceDate "2019.02.28"]
[SourceVersion "1"]
[SourceVersionDate "2019.02.28"]
[SourceQuality "1"]

1. d4 Nf6 2. Bg5 Ne4 3. Bf4 c5 4. f3 Nf6 5. d5 d6 6. Nc3 g6 7. e4 Bg7 8. Qd2 h6 9. Be2 Nbd7 10. Nh3 Ne5 11. Nf2 Nh5 12. Be3 g5 13. g3 Ng6 14. f4 gxf4 15. gxf4 Nf6 16. Rg1 Bf8 17. 0-0-0 a6 18. h4 Nxh4 19. f5 b5 20. Rh1 Nxf5 21. exf5 b4 22. Nce4 Nxe4 23. Nxe4 Bxf5 24. Ng3 Bg6 25. Bxh6 Rxh6 26. Rxh6 Qa5 27. Rh8 0-0-0 28. Kb1 Bg7 29. Rxd8+ Kxd8 30. Bd3 Bxd3 31. Qxd3 c4 32. Qxc4 Bxb2 33. Kxb2 Qa3+ 34. Kb1 Qxg3 35. Qxb4 1-0

[Event "US Open-116"]
[Site "Phoenix"]
[Date "2015.08.02"]
[Round "2"]
[White "Somalwar, Anaiy"]
[Black "Schoonmaker, Nicholas"]
[Result "0-1"]
[WhiteElo "1623"]
[BlackElo "2111"]
[PlyCount "78"]
[EventDate "2015.08.01"]
[EventType "swiss"]
[EventRounds "9"]
[EventCountry "USA"]
[SourceTitle "CBM 167 Extra"]
[Source "ChessBase"]
[SourceDate "2015.09.14"]
[SourceVersion "1"]
[SourceVersionDate "2015.09.14"]
[SourceQuality "1"]

1. d4 g6 2. e4 Bg7 3. c3 d6 4. Bd3 e5 5. Ne2 Nc6 6. Be3 Nf6 7. 0-0 Ng4 8. Bc4 Nxe3 9. fxe3 0-0 10. Ng3 Qg5 11. Qe1 Na5 12. Nd2 Bh6 13. Kf2 Nxc4 14. Nxc4 f5 15. Kg1 b5 16. h4 Qg4 17. Nd2 f4 18. exf4 Bxf4 19. Nh1 exd4 20. cxd4 Bb7 21. Nf3 Rae8 22. Nf2 Qg3 23. Qe2 a6 24. Qc2 c5 25. d5 Bc8 26. Qd3 Re7 27. Nh1 Qg4 28. Nf2 Qh5 29. Nh1 Ref7 30. g3 Bh6 31. Nh2 Bg7 32. Qd2 Bh3 33. Rxf7 Rxf7 34. Nf1 Bd4+ 35. Ne3 Rf3 36. Kh2 Bxe3 37. Qa5 Bc8 38. Qd8+ Rf8 39. Qxd6 Qe2+ 0-1

[Event "Tulsa Okie Masters"]
[Site "Tulsa"]
[Date "2008.09.01"]
[Round "7"]
[White "Gossell, Thomas"]
[Black "Schoonmaker, Nicholas"]
[Result "1/2-1/2"]
[WhiteElo "2251"]
[BlackElo "2195"]
[PlyCount "32"]
[EventDate "2008.08.30"]
[EventType "tourn"]
[EventRounds "7"]
[EventCountry "USA"]
[SourceTitle "CBM 126 Extra"]
[Source "ChessBase"]
[SourceDate "2008.11.05"]
[SourceVersion "1"]
[SourceVersionDate "2008.11.05"]
[SourceQuality "1"]

1. Nf3 g6 2. c4 Bg7 3. Nc3 d6 4. d4 Bg4 5. Be3 Nc6 6. d5 Bxf3 7. exf3 Nb8 8. c5 dxc5 9. Bb5+ Nd7 10. Bxc5 Ngf6 11. 0-0 0-0 12. Bxd7 Qxd7 13. Re1 Rfe8 14. Qb3 b6 15. Be3 Rad8 16. Rad1 c6 1/2-1/2

[Event "US Open-109"]
[Site "Dallas"]
[Date "2008.08.05"]
[Round "4"]
[White "Luchan, Jason"]
[Black "Schoonmaker, Nicholas"]
[Result "0-1"]
[WhiteElo "2130"]
[BlackElo "2195"]
[PlyCount "48"]
[EventDate "2008.08.02"]
[EventType "swiss"]
[EventRounds "9"]
[EventCountry "USA"]
[SourceTitle "CBM 125 Extra"]
[Source "ChessBase"]
[SourceDate "2008.09.01"]
[SourceVersion "1"]
[SourceVersionDate "2008.09.01"]
[SourceQuality "1"]

1. e4 c5 2. Nf3 e6 3. c3 d5 4. e5 Bd7 5. d4 Qb6 6. a3 Bb5 7. b4 cxd4 8. Bxb5+ Qxb5 9. cxd4 a5 10. Nc3 Qc6 11. Qd3 axb4 12. Nb5 Nd7 13. 0-0 Nb6 14. Bf4 Nc4 15. Nd6+ Bxd6 16. exd6 Nf6 17. axb4 0-0 18. Ne5 Qb5 19. Qf3 Nxd6 20. Ng4 Nfe4 21. Nh6+ Kh8 22. Bxd6 Nxd6 23. Nxf7+ Nxf7 24. Qxf7 Qxf1+ 0-1

[Event "USA-ch Qualifier"]
[Site "Tulsa"]
[Date "2008.03.29"]
[Round "5"]
[White "Schoonmaker, Nicholas"]
[Black "Ginsburg, Mark"]
[Result "1-0"]
[WhiteElo "2202"]
[BlackElo "2365"]
[PlyCount "73"]
[EventDate "2008.03.28"]
[EventType "swiss"]
[EventRounds "7"]
[EventCountry "USA"]
[SourceTitle "CBM 123 Extra"]
[Source "ChessBase"]
[SourceDate "2008.05.06"]
[SourceVersion "1"]
[SourceVersionDate "2008.05.06"]
[SourceQuality "1"]

1. Nf3 g6 2. g3 Bg7 3. Bg2 f5 4. 0-0 e5 5. d3 Nc6 6. c4 Nf6 7. Nc3 0-0 8. Rb1 d6 9. Bd2 h6 10. Ne1 Be6 11. b4 d5 12. b5 Ne7 13. cxd5 Nexd5 14. Qc2 Nxc3 15. Bxc3 Nd5 16. Ba1 Qd6 17. Nf3 a6 18. d4 e4 19. Ne5 Bxe5 20. dxe5 Qb6 21. a4 axb5 22. axb5 Ra3 23. e3 Qa5 24. Bd4 Ra2 25. Rb2 Rxb2 26. Qxb2 Rf7 27. Ra1 Qb4 28. Ra8+ Kg7 29. Qxb4 Nxb4 30. Re8 Rd7 31. Rxe6 Nd5 32. Re8 Kf7 33. e6+ Kxe8 34. exd7+ Kxd7 35. Bf1 g5 36. Bc4 c6 37. Bxd5 1-0

[Event "USA-ch Qualifier"]
[Site "Tulsa"]
[Date "2008.03.29"]
[Round "4"]
[White "Yanayt, Eugene"]
[Black "Schoonmaker, Nicholas"]
[Result "0-1"]
[WhiteElo "2255"]
[BlackElo "2202"]
[PlyCount "20"]
[EventDate "2008.03.28"]
[EventType "swiss"]
[EventRounds "7"]
[EventCountry "USA"]
[SourceTitle "CBM 123 Extra"]
[Source "ChessBase"]
[SourceDate "2008.05.06"]
[SourceVersion "1"]
[SourceVersionDate "2008.05.06"]
[SourceQuality "1"]

1. d4 g6 2. c4 Bg7 3. Nf3 d6 4. e4 e5 5. Nc3 Nc6 6. Bg5 f6 7. Be3 exd4 8. Nxd4 Nge7 9. Be2 f5 10. Qd2 f4 0-1

[Event "North American op 26th"]
[Site "Stillwater"]
[Date "2007.09.03"]
[Round "9"]
[White "Plunkett, Robert"]
[Black "Schoonmaker, Nicholas"]
[Result "1-0"]
[WhiteElo "2090"]
[BlackElo "2202"]
[PlyCount "77"]
[EventDate "2007.08.31"]
[EventType "swiss"]
[EventRounds "10"]
[EventCountry "USA"]
[SourceTitle "CBM 120 Extra"]
[Source "ChessBase"]
[SourceDate "2007.11.01"]
[SourceVersion "1"]
[SourceVersionDate "2007.11.01"]
[SourceQuality "1"]

1. e4 e6 2. d4 d5 3. Nc3 Bb4 4. e5 c5 5. a3 Bxc3+ 6. bxc3 Qc7 7. Nf3 Ne7 8. a4 b6 9. Bb5+ Bd7 10. Bd3 Nbc6 11. 0-0 h6 12. Ba3 Na5 13. Nd2 Bxa4 14. Qg4 0-0 15. dxc5 b5 16. f4 f5 17. exf6 Rxf6 18. Rae1 Nc4 19. Rxe6 Rxe6 20. Qxe6+ Kh8 21. Bxc4 dxc4 22. f5 Ng8 23. Nf3 Rf8 24. Nd4 Rf6 25. Qe4 Ne7 26. c6 Nxc6 27. Qe8+ Kh7 28. Ne6 Qb6+ 29. Kh1 b4 30. Nf8+ Rxf8 31. Qxf8 bxa3 32. f6 gxf6 33. Qf7+ Kh8 34. Qxf6+ Kh7 35. Qf7+ Kh8 36. Qf8+ Kh7 37. Rf7+ Kg6 38. Qg7+ Kh5 39. Rf5+ 1-0

[Event "North American op 26th"]
[Site "Stillwater"]
[Date "2007.09.01"]
[Round "3"]
[White "Betaneli, Alexander"]
[Black "Schoonmaker, Nicholas"]
[Result "0-1"]
[WhiteElo "2239"]
[BlackElo "2202"]
[PlyCount "90"]
[EventDate "2007.08.31"]
[EventType "swiss"]
[EventRounds "10"]
[EventCountry "USA"]
[SourceTitle "CBM 120 Extra"]
[Source "ChessBase"]
[SourceDate "2007.11.01"]
[SourceVersion "1"]
[SourceVersionDate "2007.11.01"]
[SourceQuality "1"]

1. d4 Nf6 2. c4 g6 3. Nc3 Bg7 4. e4 d6 5. Be2 0-0 6. Nf3 e5 7. d5 Na6 8. Bg5 h6 9. Bh4 g5 10. Bg3 Nxe4 11. Nxe4 f5 12. Nfd2 fxe4 13. Nxe4 Bf5 14. Bd3 g4 15. f3 gxf3 16. Qxf3 Bh7 17. Qg4 Nb4 18. Bb1 c6 19. Bf2 Rf4 20. Qe2 cxd5 21. cxd5 Qa5 22. 0-0 Qxd5 23. Nc3 Qf7 24. Bxh7+ Kxh7 25. g3 Qg6 26. Kh1 Rf7 27. Rad1 Nc6 28. Be3 Raf8 29. Rxf7 Rxf7 30. Qg2 a6 31. Nd5 Qf5 32. g4 Qf3 33. Qxf3 Rxf3 34. Kg2 Rf7 35. Bb6 Bf8 36. Ne3 Rd7 37. Nd5 Kg7 38. h4 Ne7 39. Ne3 d5 40. Bc5 d4 41. Bxe7 Bxe7 42. Nf5+ Kg6 43. Kf3 Rc7 44. Ke4 Bf6 45. Rf1 Rc2 0-1

[Event "Dalworth op"]
[Site "Euless"]
[Date "2005.12.17"]
[Round "1"]
[White "Berry, Frank Kimball"]
[Black "Schoonmaker, Nicholas"]
[Result "0-1"]
[WhiteElo "2033"]
[BlackElo "2248"]
[PlyCount "56"]
[EventDate "2005.12.17"]
[EventType "swiss"]
[EventRounds "5"]
[EventCountry "USA"]
[SourceTitle "CBM 109 Extra"]
[Source "ChessBase"]
[SourceDate "2006.01.03"]
[SourceVersion "2"]
[SourceVersionDate "2006.01.03"]
[SourceQuality "1"]

1. e4 e6 2. b3 d5 3. Bb2 dxe4 4. Nc3 Nf6 5. g4 Bc5 6. g5 Qd4 7. Qe2 Ng4 8. Nh3 e5 9. 0-0-0 Bf5 10. Nb5 Qd7 11. Qc4 Bb6 12. Bg2 Nc6 13. Bxe4 0-0-0 14. f3 Nf2 15. Nxf2 Bxf2 16. Bxc6 Qxc6 17. Bxe5 Rd5 18. Bxg7 Rg8 19. Nc3 Qxc4 20. bxc4 Rc5 21. Bf6 Rxc4 22. Rdf1 Bh4 23. d3 Bxg5+ 24. f4 Bxf6 25. dxc4 Bxc3 26. Rf2 Be4 27. Rd1 f5 28. a3 Rg6 0-1

[Event "Dalworth op"]
[Site "Euless"]
[Date "2005.12.17"]
[Round "3"]
[White "Datta, Deepyaman"]
[Black "Schoonmaker, Nicholas"]
[Result "1-0"]
[WhiteElo "2148"]
[BlackElo "2248"]
[PlyCount "65"]
[EventDate "2005.12.17"]
[EventType "swiss"]
[EventRounds "5"]
[EventCountry "USA"]
[SourceTitle "CBM 109 Extra"]
[Source "ChessBase"]
[SourceDate "2006.01.03"]
[SourceVersion "2"]
[SourceVersionDate "2006.01.03"]
[SourceQuality "1"]

1. d4 Nf6 2. c4 g6 3. Nc3 Bg7 4. e4 d6 5. Nf3 0-0 6. h3 e5 7. d5 Na6 8. Bg5 h6 9. Be3 Qe8 10. g4 Bd7 11. Qd2 Kh7 12. g5 hxg5 13. Nxg5+ Kg8 14. Be2 Nh7 15. Nxh7 Kxh7 16. h4 f5 17. Bg5 f4 18. h5 Kg8 19. Bf3 Nc5 20. 0-0-0 b5 21. cxb5 Bxb5 22. hxg6 Rb8 23. Be2 Bxe2 24. Qxe2 f3 25. Qe3 Na4 26. Bh6 Rf4 27. Bxg7 Kxg7 28. Qxa7 Nxc3 29. Qxc7+ Rf7 30. gxf7 Ne2+ 31. Kb1 Qf8 32. Rdg1+ Nxg1 33. Rxg1+ 1-0

[Event "Tulsa OCF Masters"]
[Site "Tulsa"]
[Date "2005.09.05"]
[Round "7"]
[White "Langer, Mikhail"]
[Black "Schoonmaker, Nicholas"]
[Result "1-0"]
[WhiteElo "2272"]
[BlackElo "2261"]
[PlyCount "99"]
[EventDate "2005.09.03"]
[EventType "tourn"]
[EventRounds "7"]
[EventCountry "USA"]
[SourceTitle "CBM 108 Extra"]
[Source "ChessBase"]
[SourceDate "2005.11.04"]
[SourceVersion "1"]
[SourceVersionDate "2005.11.04"]
[SourceQuality "1"]

1. e4 e6 2. d4 d5 3. Nd2 dxe4 4. Nxe4 Be7 5. Nf3 Nf6 6. Bd3 Nbd7 7. Qe2 0-0 8. Bg5 c5 9. c3 cxd4 10. Nxd4 h6 11. Bh4 Nd5 12. Bg3 Nc5 13. Nxc5 Bxc5 14. Be5 Bd6 15. Qe4 f5 16. Qe2 Bxe5 17. Qxe5 Qf6 18. Qxf6 Rxf6 19. Bc4 Nb6 20. Bb3 Kf8 21. f4 g5 22. g3 Bd7 23. Kf2 Na4 24. Bxa4 Bxa4 25. Rhe1 Re8 26. Re5 b6 27. Rae1 Kf7 28. h4 gxf4 29. gxf4 Bd7 30. Rd1 Ke7 31. Re3 Rg8 32. Kf3 Be8 33. Rde1 Bd7 34. h5 Kf7 35. R3e2 Bc8 36. Nb5 Bb7+ 37. Kf2 Rg2+ 38. Kf1 Rxe2 39. Kxe2 Ba6 40. a4 Ke7 41. Rg1 Bxb5+ 42. axb5 Rf7 43. Rg6 Rf6 44. Rg7+ Rf7 45. Rxf7+ Kxf7 46. Ke3 Ke7 47. Kd4 Kd6 48. b4 Kd7 49. Ke5 Ke7 50. c4 1-0

[Event "Tulsa OCF Masters"]
[Site "Tulsa"]
[Date "2005.09.03"]
[Round "1"]
[White "Schoonmaker, Nicholas"]
[Black "Luther, Ronald G"]
[Result "1-0"]
[WhiteElo "2261"]
[BlackElo "2225"]
[PlyCount "111"]
[EventDate "2005.09.03"]
[EventType "tourn"]
[EventRounds "7"]
[EventCountry "USA"]
[SourceTitle "CBM 108 Extra"]
[Source "ChessBase"]
[SourceDate "2005.11.04"]
[SourceVersion "1"]
[SourceVersionDate "2005.11.04"]
[SourceQuality "1"]

1. d4 Nf6 2. c4 c5 3. d5 e6 4. Nc3 exd5 5. cxd5 g6 6. e4 d6 7. f4 Bg7 8. Bb5+ Nfd7 9. a4 Qh4+ 10. g3 Qe7 11. Nf3 0-0 12. 0-0 Bxc3 13. bxc3 Qxe4 14. Ng5 Qe7 15. Re1 Qd8 16. Bd3 Nf6 17. c4 h6 18. Ne4 Bf5 19. Bb2 Nxe4 20. Bxe4 Bxe4 21. Rxe4 Re8 22. Rxe8+ Qxe8 23. Qd2 Nd7 24. Re1 Qf8 25. Qc3 f6 26. Re6 Re8 27. Qe3 Kf7 28. f5 gxf5 29. Qe2 Re7 30. Qh5+ Kg7 31. Bc1 Qf7 32. Bxh6+ Kg8 33. Qxf5 Qh7 34. Qxh7+ Rxh7 35. Rxd6 Re7 36. a5 Kf7 37. Bf4 Ke8 38. h4 Re4 39. h5 Ke7 40. h6 Nf8 41. a6 bxa6 42. Rxa6 Rxc4 43. Rxa7+ Ke8 44. Bd6 Rc1+ 45. Kg2 Rc2+ 46. Kh3 Rd2 47. Bxf8 Rxd5 48. Bg7 c4 49. g4 Rd1 50. Rc7 Rh1+ 51. Kg2 Rh4 52. Kg3 Rh1 53. Kf4 Rf1+ 54. Ke4 Rh1 55. Kf5 c3 56. Kxf6 1-0

[Event "Oklahoma-Texas m"]
[Site "Norman"]
[Date "2005.04.30"]
[Round "1"]
[White "Movsisyan, Movses"]
[Black "Schoonmaker, Nicholas"]
[Result "1-0"]
[WhiteElo "2300"]
[BlackElo "2261"]
[PlyCount "59"]
[EventDate "2005.04.30"]
[EventType "team-tourn"]
[EventRounds "2"]
[EventCountry "USA"]
[SourceTitle "CBM 106 Extra"]
[Source "ChessBase"]
[SourceDate "2005.07.01"]
[SourceVersion "1"]
[SourceVersionDate "2005.07.01"]
[SourceQuality "1"]

1. e4 c5 2. Nf3 Nc6 3. d4 cxd4 4. Nxd4 e5 5. Nb5 d6 6. N1c3 a6 7. Na3 b5 8. Nd5 Nge7 9. c4 Nd4 10. Be3 Nxd5 11. cxd5 Be7 12. Bd3 0-0 13. 0-0 g6 14. f4 f5 15. fxe5 dxe5 16. Bxd4 exd4 17. exf5 gxf5 18. Qf3 Bb7 19. Qg3+ Kh8 20. Qe5+ Kg8 21. Rxf5 Rxf5 22. Qxf5 Qxd5 23. Qxh7+ Kf8 24. Qh8+ Kf7 25. Rf1+ Ke6 26. Re1+ Kd6 27. Qh6+ Kd7 28. Qh3+ Kd6 29. Qg3+ Kd7 30. Be4 1-0

[Event "ICC tourney 583"]
[Site "West USA"]
[Date "2004.09.19"]
[Round "6"]
[White "Schoonmaker, Nicholas"]
[Black "Movsisyan, Movses"]
[Result "1-0"]
[WhiteElo "2255"]
[BlackElo "2253"]
[PlyCount "87"]
[EventDate "2004.09.19"]
[EventType "swiss (blitz)"]
[EventRounds "9"]
[EventCountry "USA"]
[SourceTitle "EXT 2006"]
[Source "ChessBase"]
[SourceDate "2005.11.24"]
[SourceVersion "1"]
[SourceVersionDate "2005.11.24"]
[SourceQuality "1"]

1. d4 Nf6 2. Nc3 d5 3. e4 Nxe4 4. Nxe4 dxe4 5. Bc4 e6 6. Nh3 Nc6 7. c3 Be7 8. 0-0 0-0 9. f3 exf3 10. Rxf3 Bf6 11. Bf4 e5 12. dxe5 Qxd1+ 13. Rxd1 Bxh3 14. exf6 Bf5 15. fxg7 Kxg7 16. Bh6+ Kxh6 17. Rxf5 Rad8 18. Rdf1 Rd2 19. Rf6+ Kg7 20. Rxf7+ Rxf7 21. Rxf7+ Kg6 22. Rf2 Rd1+ 23. Rf1 Rd2 24. Rb1 Ne5 25. Bb3 Nd3 26. Bd5 Nxb2 27. Bxb7 Nc4 28. Bc6 Rxa2 29. Rb7 Ne5 30. Rxc7 a5 31. Bd5 Ra1+ 32. Kf2 Rc1 33. c4 a4 34. Ra7 Rc2+ 35. Kg3 Rc3+ 36. Kf4 a3 37. Kxe5 Rc2 38. Rxa3 h5 39. Kd6 Kf6 40. c5 h4 41. c6 h3 42. gxh3 Rxh2 43. c7 Rc2 44. Bc6 1-0

[Event "North American op 23rd"]
[Site "Oklahoma"]
[Date "2004.09.05"]
[Round "6"]
[White "Paolercio, Anthony"]
[Black "Schoonmaker, Nicholas"]
[Result "0-1"]
[WhiteElo "1790"]
[BlackElo "2255"]
[PlyCount "66"]
[EventDate "2004.09.03"]
[EventType "swiss"]
[EventRounds "8"]
[EventCountry "USA"]
[SourceTitle "CBM 102 Extra"]
[Source "ChessBase"]
[SourceDate "2004.11.03"]
[SourceVersion "1"]
[SourceVersionDate "2004.11.03"]
[SourceQuality "1"]

1. e4 c5 2. Nf3 Nc6 3. d4 cxd4 4. Nxd4 e5 5. Nb5 d6 6. c4 Be7 7. N1c3 a6 8. Na3 f5 9. exf5 Bxf5 10. Nc2 Nf6 11. Ne3 Be6 12. Be2 0-0 13. 0-0 Rc8 14. b3 Nd4 15. Bb2 Qa5 16. Rc1 b5 17. h4 Nxe2+ 18. Qxe2 bxc4 19. bxc4 Nd7 20. h5 Nb6 21. Ncd5 Nxd5 22. cxd5 Bxd5 23. Nxd5 Qxd5 24. Rxc8 Rxc8 25. h6 g6 26. f4 Bf8 27. f5 Bxh6 28. fxg6 hxg6 29. Qg4 Rc7 30. Qxg6+ Rg7 31. Qc2 Be3+ 32. Kh2 Bc5 33. Qb3 Rxg2+ 0-1

[Event "Texas-ch"]
[Site "Dallas"]
[Date "2003.05.25"]
[Round "4"]
[White "Schoonmaker, Nicholas"]
[Black "Suarez, Andres"]
[Result "1/2-1/2"]
[WhiteElo "2211"]
[BlackElo "2071"]
[PlyCount "152"]
[EventDate "2003.05.23"]
[EventType "swiss"]
[EventRounds "7"]
[EventCountry "USA"]
[SourceTitle "EXT 2005"]
[Source "ChessBase"]
[SourceDate "2004.11.15"]
[SourceVersion "1"]
[SourceVersionDate "2004.11.15"]
[SourceQuality "1"]

1. d4 d5 2. Nf3 Nf6 3. e3 e6 4. Bd3 Be7 5. Nbd2 0-0 6. 0-0 b6 7. Qe2 Bb7 8. Ne5 c5 9. c3 Ne4 10. f3 Nxd2 11. Bxd2 f6 12. Ng4 Nc6 13. Be1 Qd7 14. Qc2 f5 15. Ne5 Nxe5 16. dxe5 g5 17. Rd1 Qc7 18. f4 c4 19. Be2 Kh8 20. g3 Rg8 21. Bf3 Rg7 22. Rd2 Rag8 23. Kf2 Bc5 24. Ke2 b5 25. Bf2 Qb6 26. Rd4 Bxd4 27. exd4 g4 28. Bg2 b4 29. cxb4 Qxb4 30. Be1 c3 31. Bxc3 Qc4+ 32. Ke3 Qxa2 33. Rc1 Rc8 34. Qd1 Rgc7 35. Bf1 Ba6 36. Bxa6 Qxa6 37. Ra1 Qb5 38. Ra3 a6 39. Qa1 Rc6 40. Kd2 h5 41. Ra5 Qb7 42. Qa3 Kh7 43. Ra4 Kg6 44. Rb4 Qh7 45. Ra4 h4 46. Rxa6 hxg3 47. hxg3 Qh2+ 48. Kd1 Qg1+ 49. Kc2 Qf2+ 50. Kb3 Qxg3 51. Rxc6 Rxc6 52. Qa8 Rb6+ 53. Ka4 Qxf4 54. Qe8+ Kg5 55. Qd8+ Kh5 56. Qxb6 g3 57. Qxe6 g2 58. Qf7+ Kg4 59. e6 g1Q 60. e7 Qd1+ 61. b3 Qb8 62. Qg6+ Kh4 63. Qf6+ Kg3 64. Qg5+ Qg4 65. Qe3+ Qf3 66. e8Q Qxe8+ 67. Qxe8 Qxc3 68. Qg8+ Kf2 69. Qxd5 f4 70. Qc5 Qa1+ 71. Kb5 f3 72. d5+ Kg2 73. d6 f2 74. Qd5+ Kh2 75. Qh5+ Kg2 76. Qg4+ Kh2 1/2-1/2